| 000 | 00605nam a2200205 a 4500 | ||
|---|---|---|---|
| 005 | 20251210064044.0 | ||
| 008 | 991125n 000 0 spa u | ||
| 035 | _aUPN01000062217 | ||
| 222 | _aCOMUNICACION EDUCATIVA SEP | ||
| 245 | _a5 Años de logros : avances y esfuerzos del sector educativo | ||
| 300 | _a[1], 8-9 | ||
| 362 | _a1987 Año 5, no. 51, dic. | ||
| 650 | 2 |
_aSistema educativo _98050 |
|
| 650 | 4 |
_aEducación preescolar _91517 |
|
| 650 | 4 |
_aEducación primaria _91552 |
|
| 650 | 7 |
_aEducación secundaria _2 _94281 |
|
| 904 |
_aAC _b000028 |
||
| 905 | _aArticulo | ||
| 999 |
_c61575 _d61575 |
||